[Event "Cappelle op 31st"]
[Site "Cappelle la Grande"]
[Date "2014.03.07"]
[Round "8"]
[White "Godart, Francois"]
[Black "Simons, Sebastiaan"]
[Result "1-0"]
[WhiteElo "2359"]
[BlackElo "1685"]
[PlyCount "71"]
[EventDate "2015.02.28"]
[EventType "swiss"]
[EventRounds "9"]
[EventCountry "FRA"]
[SourceTitle "EXT 2016"]
[Source "ChessBase"]
[SourceDate "2015.10.08"]
[SourceVersion "1"]
[SourceVersionDate "2015.10.08"]
[SourceQuality "1"]

1. d4 d5 2. c4 c6 3. Nc3 Nf6 4. Nf3 dxc4 5. a4 Bf5 6. e3 e6 7. Bxc4 Bb4 8. 0-0 0-0 9. Qe2 Qc7 10. Nh4 Bxc3 11. bxc3 Be4 12. f3 Bd5 13. Bd3 c5 14. e4 Bc6 15. f4 Rd8 16. f5 e5 17. d5 Be8 18. g4 h6 19. g5 hxg5 20. Bxg5 Kf8 21. Bxf6 gxf6 22. Qh5 c4 23. Be2 Na6 24. Ng2 Nc5 25. Qh4 Ke7 26. Ne3 b5 27. axb5 Bxb5 28. d6+ Rxd6 29. Rfd1 Nd3 30. Bxd3 Qc5 31. Qf2 cxd3 32. c4 Bc6 33. Nd5+ Rxd5 34. cxd5 Qxf2+ 35. Kxf2 Bb5 36. Rdb1 1-0